000
00316nam a2200121Ia 4500
008
231129s1996||||xx |||||||||||||| ||spa||
082
_a
ER- 546
100
_a
COmfamiliar Risaralda
245
0
_a
II Concurso de Cuento Infantil Ilustrado 1996
260
_c
1996
264
_a
[s.l.]: [s.no.] 1996
942
_2
ddc
_c
BKS
999
_c
15574
_d
15574